000 00524nam a22002057a 4500
003 MPLRDC
005 20220105061110.0
008 210129b ||||| |||| 00| 0 eng d
020 _a978-986-6231-85-8
082 _a942.192 HXH
100 _a胡锡恒
245 _a轻松写好硬笔字
_c谌家玲 美编
250 _a初版
260 _a台湾
_b兰台出版社
_c2014
300 _b
490 _a书法艺术: 6
520 _a上架 2017-05-16。
650 _a钢笔字书法
942 _cBK
_o942.192 HXH
999 _c68765
_d68755